Mediální kampaně bank a jejich realizace
Správne zvolená mediálna kampaň môže osloviť množstvo potenciálnych klientov a súčasných primäť k tomu, aby prejavili záujem o nové služby. Štandardné a nové postupy v rámci mediálneho plánovania. Plánovanie pomocou nových technológií - adaptívny ekonomický systém (AES).
Saved in:
| Main Author: | |
|---|---|
| Format: | Book Chapter |
| Language: | Czech |
| Subjects: | |
| Tags: |
No Tags, Be the first to tag this record!
|
MARC
| LEADER | 00000naa a2200000 4500 | ||
|---|---|---|---|
| 001 | 0210102 | ||
| 005 | 20231211083939.6 | ||
| 041 | 0 | |a cze | |
| 044 | |a CZ | ||
| 245 | 1 | 0 | |a Mediální kampaně bank a jejich realizace |c Martina Sobková |
| 520 | |a Správne zvolená mediálna kampaň môže osloviť množstvo potenciálnych klientov a súčasných primäť k tomu, aby prejavili záujem o nové služby. Štandardné a nové postupy v rámci mediálneho plánovania. Plánovanie pomocou nových technológií - adaptívny ekonomický systém (AES). | ||
| 610 | 2 | 0 | |a banky |
| 610 | 2 | 0 | |a bankovníctvo |
| 610 | 2 | 0 | |a služby bankové |
| 610 | 2 | 0 | |a služby finančné |
| 610 | 2 | 0 | |a mix komunikačný |
| 610 | 2 | 0 | |a kampane reklamné |
| 610 | 2 | 0 | |a produkty bankové |
| 100 | 1 | |a Sobková, Martina | |